[Event "DEN-ch sf7"]
[Site "Svendborg"]
[Date "2024.03.29"]
[Round "4"]
[White "Rasmussen, Steen Hulthin"]
[Black "Steenstrup, Svend"]
[Result "1-0"]
[WhiteElo "2052"]
[BlackElo "1959"]
[PlyCount "57"]
[EventDate "2024.03.29"]
[EventType "swiss"]
[EventRounds "7"]
[EventCountry "DEN"]
[SourceTitle "CBM 219 Extra"]
[Source "ChessBase"]
[SourceDate "2024.05.31"]
[SourceVersion "1"]
[SourceVersionDate "2024.05.31"]
[SourceQuality "1"]

1. e4 e6 2. d4 d5 3. exd5 exd5 4. c4 Bb4+ 5. Bd2 Qe7+ 6. Be2 Nf6 7. Nf3 0-0 8. 0-0 dxc4 9. Bxc4 Bg4 10. Re1 Qd6 11. Qb3 a5 12. a3 Bxf3 13. axb4 Bd5 14. Bxd5 Nxd5 15. Rxa5 Rxa5 16. bxa5 Nc6 17. Nc3 Nxc3 18. Bxc3 Nxd4 19. Qxb7 Nc6 20. a6 Nd8 21. Qb5 Nc6 22. Ra1 Rd8 23. h3 Na7 24. Qg5 f6 25. Qe3 Ra8 26. Bd4 Nc6 27. Qb3+ Kf8 28. Qb7 Rb8 29. Qxb8+ 1-0

[Event "Copenhagen GoAudit op"]
[Site "Copenhagen"]
[Date "2023.11.11"]
[Round "5"]
[White "Steenstrup, Svend"]
[Black "Sorensen, Reto Utiger"]
[Result "0-1"]
[WhiteElo "1925"]
[BlackElo "2047"]
[PlyCount "82"]
[EventDate "2023.11.10"]
[EventType "swiss"]
[EventRounds "7"]
[EventCountry "DEN"]
[SourceTitle "CBM 217 Extra"]
[Source "ChessBase"]
[SourceDate "2024.01.31"]
[SourceVersion "1"]
[SourceVersionDate "2024.01.31"]
[SourceQuality "1"]

1. d4 d5 2. c4 e6 3. Nf3 a6 4. g3 Nf6 5. Bg2 Nbd7 6. 0-0 Be7 7. Na3 0-0 8. b3 c6 9. Nc2 Re8 10. Nce1 Ne4 11. Nd3 a5 12. Qc2 a4 13. Bf4 Qa5 14. Nd2 Qc3 15. Qxc3 Nxc3 16. Bf3 Bf6 17. Ne5 Bxe5 18. dxe5 f6 19. Rfc1 fxe5 20. Bg5 d4 21. e3 Nc5 22. e4 Bd7 23. Kf1 h6 24. Bh5 hxg5 25. Bxe8 Bxe8 26. f3 Bg6 27. g4 Nd3 28. Rc2 Kf7 29. c5 Rh8 30. Nc4 Rh3 31. Rd2 Rxf3+ 32. Kg2 Bxe4 33. Nd6+ Kg6 34. Nxe4 Nxe4 35. Kxf3 Nxd2+ 36. Ke2 Nxc5 37. Kxd2 axb3 38. Ke2 b2 39. Rb1 Na4 40. Kd3 b5 41. h3 c5 0-1

[Event "Copenhagen GoAudit op"]
[Site "Copenhagen"]
[Date "2023.11.10"]
[Round "3"]
[White "Steenstrup, Svend"]
[Black "Hald Falkesgaard, Jeppe"]
[Result "0-1"]
[WhiteElo "1925"]
[BlackElo "2176"]
[PlyCount "28"]
[EventDate "2023.11.10"]
[EventType "swiss"]
[EventRounds "7"]
[EventCountry "DEN"]
[SourceTitle "CBM 217 Extra"]
[Source "ChessBase"]
[SourceDate "2024.01.31"]
[SourceVersion "1"]
[SourceVersionDate "2024.01.31"]
[SourceQuality "1"]

1. d4 d5 2. c4 c6 3. Nf3 Nf6 4. Qb3 dxc4 5. Qxc4 e6 6. Bg5 Qa5+ 7. Nc3 b5 8. Qd3 b4 9. Bxf6 bxc3 10. bxc3 gxf6 11. g3 Ba3 12. Bg2 Bb2 13. Rd1 Ba6 14. Qc2 Qxc3+ 0-1

[Event "DEN-ch G7 Gr1"]
[Site "Svendborg"]
[Date "2023.04.05"]
[Round "5"]
[White "Leonhardsen, Vebjorn Maanum"]
[Black "Steenstrup, Svend"]
[Result "1-0"]
[WhiteElo "1885"]
[BlackElo "1943"]
[PlyCount "83"]
[EventDate "2023.04.05"]
[EventType "swiss"]
[EventRounds "7"]
[EventCountry "DEN"]
[SourceTitle "CBM 213 Extra"]
[Source "ChessBase"]
[SourceDate "2023.05.31"]
[SourceVersion "1"]
[SourceVersionDate "2023.05.31"]
[SourceQuality "1"]

1. c4 e5 2. Nc3 Bb4 3. Nd5 Be7 4. Nf3 d6 5. e3 Nf6 6. Nxe7 Qxe7 7. d4 Bg4 8. Be2 e4 9. Nd2 h5 10. b3 Nc6 11. a3 d5 12. Bb2 0-0-0 13. h3 Bxe2 14. Qxe2 Ne8 15. 0-0-0 f5 16. g3 g5 17. Rhe1 Nf6 18. Kb1 Qe6 19. Ka2 h4 20. Rh1 hxg3 21. fxg3 f4 22. gxf4 gxf4 23. exf4 Rh4 24. cxd5 Rxd5 25. Qe3 Rdh5 26. d5 Rxd5 27. Bxf6 Qxf6 28. Nxe4 Qd8 29. Rxd5 Qxd5 30. Rh2 Nd4 31. Rd2 c5 32. Nxc5 Qxc5 33. Rxd4 Qf8 34. Qe6+ Kb8 35. Qe5+ Ka8 36. Qc7 Rh8 37. Rd7 Qb8 38. f5 a6 39. f6 Qxc7 40. Rxc7 Ka7 41. f7 Kb6 42. Re7 1-0

[Event "DEN-ch G7 Gr1"]
[Site "Svendborg"]
[Date "2023.04.05"]
[Round "3"]
[White "Perets, Dmitry"]
[Black "Steenstrup, Svend"]
[Result "1-0"]
[WhiteElo "1968"]
[BlackElo "1943"]
[PlyCount "39"]
[EventDate "2023.04.05"]
[EventType "swiss"]
[EventRounds "7"]
[EventCountry "DEN"]
[SourceTitle "CBM 213 Extra"]
[Source "ChessBase"]
[SourceDate "2023.05.31"]
[SourceVersion "1"]
[SourceVersionDate "2023.05.31"]
[SourceQuality "1"]

1. Nf3 d5 2. c4 e6 3. b3 Nf6 4. Bb2 Be7 5. g4 Nxg4 6. Rg1 h5 7. h3 Nxf2 8. Kxf2 Bh4+ 9. Kg2 e5 10. Bxe5 Nc6 11. Bh2 Bxh3+ 12. Kxh3 Bf2 13. Rg5 Qf6 14. Nc3 Bd4 15. cxd5 0-0-0 16. dxc6 Bxc3 17. cxb7+ Kb8 18. Bxc7+ Kxb7 19. Bxd8 Rxd8 20. dxc3 1-0

[Event "DEN-ch G7 Gr1"]
[Site "Svendborg"]
[Date "2023.04.05"]
[Round "6"]
[White "Poulsen, Peter Risgaard"]
[Black "Steenstrup, Svend"]
[Result "1-0"]
[WhiteElo "1880"]
[BlackElo "1943"]
[PlyCount "99"]
[EventDate "2023.04.05"]
[EventType "swiss"]
[EventRounds "7"]
[EventCountry "DEN"]
[SourceTitle "CBM 213 Extra"]
[Source "ChessBase"]
[SourceDate "2023.05.31"]
[SourceVersion "1"]
[SourceVersionDate "2023.05.31"]
[SourceQuality "1"]

1. d4 d5 2. Bf4 Nf6 3. e3 c5 4. c3 Nc6 5. Nf3 e6 6. Bd3 Nh5 7. Bg3 Qb6 8. Qc2 c4 9. Be2 Nxg3 10. hxg3 Bd6 11. Nbd2 f5 12. Ng5 g6 13. f4 h6 14. Kf2 Bd7 15. g4 Ke7 16. Ngf3 fxg4 17. Nh4 Be8 18. Nxg6+ Bxg6 19. Qxg6 Rag8 20. Qc2 g3+ 21. Ke1 Rg7 22. Nf3 Kd8 23. Ng5 Re8 24. Rxh6 Rge7 25. Bh5 Bxf4 26. exf4 Nxd4 27. cxd4 Qxd4 28. Bxe8 Qg1+ 29. Kd2 Qxg2+ 30. Kc1 Qg1+ 31. Qd1 Qe3+ 32. Kc2 g2 33. Rh3 Qf2+ 34. Kc3 Kxe8 35. Qd4 Qf1 36. Qg1 Qxf4 37. Qxg2 d4+ 38. Kxc4 Rc7+ 39. Kd3 Qf5+ 40. Ne4 Qb5+ 41. Kxd4 e5+ 42. Ke3 Qb6+ 43. Kf3 Rf7+ 44. Ke2 Qxb2+ 45. Nd2 Qxa1 46. Qd5 Qd4 47. Rh8+ Ke7 48. Qxb7+ Kf6 49. Qc6+ Kf5 50. Rh5+ 1-0

[Event "Copenhagen Bronshoj-ch"]
[Site "Copenhagen"]
[Date "2023.03.16"]
[Round "2"]
[White "Jacobsen, Mikkel Manosri"]
[Black "Steenstrup, Svend"]
[Result "1-0"]
[WhiteElo "2297"]
[BlackElo "1956"]
[PlyCount "81"]
[EventDate "2023.03.09"]
[EventType "tourn"]
[EventRounds "9"]
[EventCountry "DEN"]
[SourceTitle "EXT 2024"]
[Source "ChessBase"]
[SourceDate "2023.10.10"]
[SourceVersion "1"]
[SourceVersionDate "2023.10.10"]
[SourceQuality "1"]

1. d4 e6 2. Bf4 Nf6 3. e3 d5 4. Nf3 c5 5. Nbd2 Nc6 6. c3 cxd4 7. exd4 Nh5 8. Be3 Bd6 9. Ne5 g6 10. Nd3 f5 11. Nf3 f4 12. Bd2 0-0 13. Be2 Ng7 14. g3 fxg3 15. hxg3 Bd7 16. Bh6 Qf6 17. Ng5 Nxd4 18. Nxh7 Nf3+ 19. Kf1 Qf5 20. Nxf8 Rxf8 21. Bxf3 Bb5 22. Kg2 Bxd3 23. g4 Qxf3+ 24. Qxf3 Rxf3 25. Kxf3 Be4+ 26. Ke2 Bxh1 27. Rxh1 Ne8 28. Bg5 e5 29. Rd1 Nc7 30. Kf1 Kf7 31. Bd8 Ke6 32. Bxc7 Bxc7 33. Ke2 b5 34. f3 Bb6 35. Rh1 Kf6 36. Rh7 Ke6 37. Kd3 Kf6 38. b3 d4 39. cxd4 Bxd4 40. Ke4 Bb6 41. Rd7 1-0

[Event "Copenhagen Bronshoj-ch"]
[Site "Copenhagen"]
[Date "2023.03.09"]
[Round "1"]
[White "Steenstrup, Svend"]
[Black "Jensen, Thore Nyboe"]
[Result "1/2-1/2"]
[WhiteElo "1956"]
[BlackElo "2039"]
[PlyCount "99"]
[EventDate "2023.03.09"]
[EventType "tourn"]
[EventRounds "9"]
[EventCountry "DEN"]
[SourceTitle "EXT 2024"]
[Source "ChessBase"]
[SourceDate "2023.10.10"]
[SourceVersion "1"]
[SourceVersionDate "2023.10.10"]
[SourceQuality "1"]

1. d4 d5 2. c4 e6 3. Nf3 a6 4. g3 dxc4 5. Bg2 c5 6. 0-0 Nf6 7. Qc2 cxd4 8. Rd1 Nc6 9. e3 e5 10. exd4 exd4 11. Be3 Nb4 12. Qxc4 Be6 13. Qxd4 Bc5 14. Qxd8+ Rxd8 15. Rxd8+ Kxd8 16. Bxc5 Nc2 17. Nd4 Nxa1 18. Nxe6+ fxe6 19. Bxb7 Kc7 20. Bxa6 Rd8 21. Na3 Ne4 22. Be3 e5 23. Nc4 Ra8 24. Bb5 Nc2 25. Bb6+ Kb7 26. Ba5 Nd4 27. Bd7 Nc6 28. Bf5 Nc5 29. Nd6+ Kb8 30. Bc3 g6 31. Bb1 Kc7 32. Nb5+ Kb6 33. Na3 Na4 34. Bd2 Nxb2 35. Be3+ Nd4 36. Nc2 Kc5 37. Ne1 Kc4 38. Kg2 Ra3 39. h4 Nb5 40. h5 Nc3 41. Bc1 Nxb1 42. Bxb2 Rxa2 43. Bxe5 Nc3 44. hxg6 hxg6 45. Nf3 Ne4 46. Bd4 Nd6 47. Be3 Nf5 48. Bf4 Kd5 49. g4 Ra4 50. gxf5 1/2-1/2

[Event "Bronshoj Seniors Sommer"]
[Site "Copenhagen"]
[Date "2022.08.18"]
[Round "6"]
[White "Nielsen Refs, Karl Emil Elmer"]
[Black "Steenstrup, Svend"]
[Result "1-0"]
[WhiteElo "2057"]
[BlackElo "1939"]
[PlyCount "77"]
[EventDate "2022.08.18"]
[EventType "tourn"]
[EventRounds "7"]
[EventCountry "DEN"]
[SourceTitle "EXT 2024"]
[Source "ChessBase"]
[SourceDate "2023.10.10"]
[SourceVersion "1"]
[SourceVersionDate "2023.10.10"]
[SourceQuality "1"]

1. d4 d5 2. c4 e6 3. Nc3 c5 4. cxd5 exd5 5. Nf3 Nc6 6. Bf4 Nf6 7. e3 Be7 8. Be2 Be6 9. 0-0 0-0 10. dxc5 Qa5 11. Nd4 Qxc5 12. Nxe6 fxe6 13. a3 e5 14. Bg3 d4 15. Na4 Qd5 16. Qc2 b5 17. Rfd1 Rac8 18. Nc3 Qc5 19. Qb3+ Kh8 20. Nxb5 a6 21. Rac1 Qd5 22. Qxd5 Nxd5 23. Bg4 axb5 24. Bxc8 Rxc8 25. Bxe5 Bf6 26. Bxf6 gxf6 27. Rxd4 Nde7 28. Rd6 Kg7 29. e4 b4 30. axb4 Ra8 31. b5 Ne5 32. Ra6 Rd8 33. b6 Nc4 34. b7 Rb8 35. Rxc4 Rxb7 36. b4 Kf7 37. f4 Ng6 38. g3 Rd7 39. b5 1-0

[Event "Bronshoj Seniors Sommer"]
[Site "Copenhagen"]
[Date "2022.08.18"]
[Round "1"]
[White "Wahlgreen, Noah Krug"]
[Black "Steenstrup, Svend"]
[Result "1-0"]
[WhiteElo "2063"]
[BlackElo "1939"]
[PlyCount "61"]
[EventDate "2022.08.18"]
[EventType "tourn"]
[EventRounds "7"]
[EventCountry "DEN"]
[SourceTitle "EXT 2024"]
[Source "ChessBase"]
[SourceDate "2023.10.10"]
[SourceVersion "1"]
[SourceVersionDate "2023.10.10"]
[SourceQuality "1"]

1. d4 d6 2. e4 Nf6 3. Nc3 g6 4. Be3 Bg7 5. f3 Nc6 6. Qd2 e5 7. Nge2 0-0 8. 0-0-0 exd4 9. Nxd4 Nxd4 10. Bxd4 Be6 11. Bd3 c5 12. Be3 Qa5 13. Bh6 Bxa2 14. h4 Be6 15. Bxg7 Kxg7 16. h5 c4 17. hxg6 fxg6 18. Be2 Qa1+ 19. Nb1 Qa6 20. Qxd6 Qxd6 21. Rxd6 Bf7 22. e5 Nh5 23. e6 Nf4 24. Bxc4 Bg8 25. Rd7+ Kf6 26. e7 Bxc4 27. exf8Q+ Rxf8 28. Nd2 Ba6 29. Ne4+ Ke5 30. Re7+ Kd5 31. Rd1+ 1-0

[Event "Koge Lang Jubilee Weekend Gr-2"]
[Site "Koge"]
[Date "2022.07.10"]
[Round "9"]
[White "Loveid, Erik"]
[Black "Steenstrup, Svend"]
[Result "0-1"]
[WhiteElo "1883"]
[BlackElo "1925"]
[PlyCount "68"]
[EventDate "2022.07.06"]
[EventType "tourn"]
[EventRounds "9"]
[EventCountry "DEN"]
[SourceTitle "EXT 2024"]
[Source "ChessBase"]
[SourceDate "2023.10.10"]
[SourceVersion "1"]
[SourceVersionDate "2023.10.10"]
[SourceQuality "1"]

1. d4 d5 2. c4 e6 3. Nf3 c5 4. cxd5 exd5 5. Nc3 Nf6 6. g3 Nc6 7. Bg2 cxd4 8. Nxd4 Bc5 9. Nb3 Bb6 10. 0-0 Be6 11. Bg5 h6 12. Bxf6 Qxf6 13. Nxd5 Bxd5 14. Qxd5 0-0 15. Rab1 Rfe8 16. Qf3 Qe6 17. e4 a5 18. Qh5 a4 19. Nc1 Ra5 20. Qh4 g5 21. Qh3 g4 22. Qh4 Qg6 23. h3 gxh3 24. Bf3 Nd4 25. Bd1 Rg5 26. Kh2 Rxe4 27. Qxh3 Ree5 28. Qc8+ Kg7 29. f4 Rh5+ 30. Kg2 Qe4+ 31. Bf3 Nxf3 32. Rxf3 Rc5 33. Qg4+ Kf8 34. Nd3 Rc2+ 0-1

[Event "Koge Lang Jubilee Weekend Gr-2"]
[Site "Koge"]
[Date "2022.07.09"]
[Round "8"]
[White "Steenstrup, Svend"]
[Black "Gottschalck, Christian"]
[Result "1-0"]
[WhiteElo "1925"]
[BlackElo "1693"]
[PlyCount "45"]
[EventDate "2022.07.06"]
[EventType "tourn"]
[EventRounds "9"]
[EventCountry "DEN"]
[SourceTitle "EXT 2024"]
[Source "ChessBase"]
[SourceDate "2023.10.10"]
[SourceVersion "1"]
[SourceVersionDate "2023.10.10"]
[SourceQuality "1"]

1. d4 e5 2. dxe5 d6 3. exd6 Bxd6 4. g3 c6 5. Nf3 Nf6 6. Bg2 0-0 7. 0-0 Qe7 8. Qd4 c5 9. Qh4 h6 10. Nc3 Nc6 11. e4 Ne5 12. Nxe5 Bxe5 13. Be3 Rb8 14. Rad1 Bg4 15. f3 Bh5 16. g4 Bg6 17. g5 hxg5 18. Bxg5 Bxc3 19. bxc3 Qe5 20. f4 Qxc3 21. Rd3 Qxc2 22. Rh3 Nh7 23. f5 1-0

[Event "Koge Lang Jubilee Weekend Gr-2"]
[Site "Koge"]
[Date "2022.07.08"]
[Round "5"]
[White "Steenstrup, Svend"]
[Black "Petrovski, Petruli"]
[Result "1-0"]
[WhiteElo "1925"]
[BlackElo "1826"]
[PlyCount "47"]
[EventDate "2022.07.06"]
[EventType "tourn"]
[EventRounds "9"]
[EventCountry "DEN"]
[SourceTitle "EXT 2024"]
[Source "ChessBase"]
[SourceDate "2023.10.10"]
[SourceVersion "1"]
[SourceVersionDate "2023.10.10"]
[SourceQuality "1"]

1. d4 Nf6 2. c4 e6 3. Nf3 c5 4. g3 d5 5. cxd5 exd5 6. Bg2 Nc6 7. 0-0 Be7 8. Nc3 0-0 9. Bf4 Be6 10. Rc1 cxd4 11. Nxd4 a6 12. Nxe6 fxe6 13. Qb3 Na5 14. Qc2 Bd6 15. Rfd1 Bxf4 16. gxf4 Qe7 17. f5 exf5 18. Qxf5 Kh8 19. e3 Ne4 20. Nxd5 Nd6 21. Qxh7+ Kxh7 22. Nxe7 Rf7 23. Rxd6 Rxe7 24. Rc5 1-0

[Event "Koge Lang Jubilee Weekend Gr-2"]
[Site "Koge"]
[Date "2022.07.06"]
[Round "2"]
[White "Bhagat, Kush"]
[Black "Steenstrup, Svend"]
[Result "1-0"]
[WhiteElo "1813"]
[BlackElo "1925"]
[PlyCount "95"]
[EventDate "2022.07.06"]
[EventType "tourn"]
[EventRounds "9"]
[EventCountry "DEN"]
[SourceTitle "EXT 2024"]
[Source "ChessBase"]
[SourceDate "2023.10.10"]
[SourceVersion "1"]
[SourceVersionDate "2023.10.10"]
[SourceQuality "1"]

1. d4 d5 2. Bf4 Nf6 3. e3 c5 4. c3 Nc6 5. Nd2 e6 6. Ngf3 cxd4 7. exd4 Nh5 8. Bg5 f6 9. Be3 Bd6 10. g3 g6 11. c4 Qe7 12. Bg2 dxc4 13. Nxc4 Bb4+ 14. Nfd2 Bd7 15. a3 Bxd2+ 16. Nxd2 Rd8 17. 0-0 0-0 18. d5 Ne5 19. Ne4 exd5 20. Bc5 Qe6 21. Ng5 Qg4 22. Bxd5+ Kh8 23. Bxf8 fxg5 24. Bd6 Nc6 25. Bxc6 bxc6 26. Be5+ Kg8 27. Qxg4 Bxg4 28. f3 Be6 29. Rad1 Bd5 30. Rd4 Re8 31. Re1 Nf6 32. Rdd1 Nd7 33. Bc3 Rf8 34. Re7 Rf7 35. Rxf7 Kxf7 36. Kf2 h5 37. b4 a6 38. a4 Nb6 39. Bd4 Nc4 40. Bc3 Nd6 41. Ke3 Nf5+ 42. Kf2 Nd6 43. Rb1 Bc4 44. Bd4 Bd3 45. Rc1 Nc4 46. Rc3 Nb2 47. Ra3 Nd1+ 48. Ke1 1-0

[Event "Koge Lang Jubilee Weekend Gr-2"]
[Site "Koge"]
[Date "2022.07.06"]
[Round "1"]
[White "Steenstrup, Svend"]
[Black "Mortensen, Henrik"]
[Result "1-0"]
[WhiteElo "1925"]
[BlackElo "1884"]
[PlyCount "65"]
[EventDate "2022.07.06"]
[EventType "tourn"]
[EventRounds "9"]
[EventCountry "DEN"]
[SourceTitle "EXT 2024"]
[Source "ChessBase"]
[SourceDate "2023.10.10"]
[SourceVersion "1"]
[SourceVersionDate "2023.10.10"]
[SourceQuality "1"]

1. d4 Nf6 2. c4 c5 3. d5 e6 4. Nc3 exd5 5. cxd5 d6 6. e4 a6 7. a4 g6 8. h3 Bg7 9. Nf3 0-0 10. Be3 Re8 11. Bd3 Nbd7 12. 0-0 Ne5 13. Nxe5 Rxe5 14. f4 Re8 15. Qf3 Qc7 16. a5 Nd7 17. Rfc1 b5 18. b4 c4 19. Bb1 Qd8 20. Ra2 Bb7 21. Rd2 Rc8 22. Qf2 Qe7 23. Bd4 Bh6 24. Re1 Nf6 25. Rde2 Qd8 26. Qf3 Nd7 27. g4 g5 28. e5 dxe5 29. fxe5 Bg7 30. Qf5 Nf8 31. Be4 Qe7 32. d6 Bxe4 33. dxe7 1-0

[Event "Hillerod-ch A"]
[Site "Hillerod"]
[Date "2022.05.15"]
[Round "4"]
[White "Samuelsen, Hans"]
[Black "Steenstrup, Svend"]
[Result "0-1"]
[WhiteElo "1861"]
[BlackElo "1914"]
[PlyCount "70"]
[EventDate "2022.05.15"]
[EventType "tourn"]
[EventRounds "5"]
[EventCountry "DEN"]
[SourceTitle "EXT 2024"]
[Source "ChessBase"]
[SourceDate "2023.10.10"]
[SourceVersion "1"]
[SourceVersionDate "2023.10.10"]
[SourceQuality "1"]

1. c4 e5 2. Nc3 Nf6 3. Nf3 Nc6 4. e4 Bc5 5. Be2 d6 6. d3 Be6 7. a3 Nd4 8. Nxd4 Bxd4 9. Be3 c6 10. Bf3 Bxe3 11. fxe3 Qb6 12. Qe2 Rd8 13. b4 a5 14. b5 d5 15. Na4 Qc7 16. b6 Qe7 17. exd5 cxd5 18. Qb2 dxc4 19. Qb5+ Bd7 20. Qxc4 e4 21. dxe4 Qe5 22. Rd1 0-0 23. Kf2 Rc8 24. Qb3 Nxe4+ 25. Bxe4 Qxe4 26. Nc3 Qh4+ 27. Kg1 Be6 28. Qa4 Qxa4 29. Nxa4 Bb3 30. Nb2 Bxd1 31. Nxd1 Rc1 32. Kf2 Rd8 33. Ke2 Rc2+ 34. Kf3 Rdd2 35. Rg1 Rc1 0-1

[Event "DEN-ch Kort1 Gr-1"]
[Site "Svendborg"]
[Date "2022.04.11"]
[Round "4"]
[White "Steenstrup, Svend"]
[Black "Jungberg, Lasse"]
[Result "1-0"]
[WhiteElo "1941"]
[BlackElo "1740"]
[PlyCount "69"]
[EventDate "2022.04.09"]
[EventType "swiss"]
[EventRounds "5"]
[EventCountry "DEN"]
[SourceTitle "EXT 2024"]
[Source "ChessBase"]
[SourceDate "2023.10.10"]
[SourceVersion "1"]
[SourceVersionDate "2023.10.10"]
[SourceQuality "1"]

1. d4 Nf6 2. c4 g6 3. Nc3 d5 4. Nf3 Nc6 5. Bf4 Bg7 6. Nb5 e5 7. dxe5 Nh5 8. Bg5 f6 9. exf6 Bxf6 10. Bxf6 Nxf6 11. cxd5 a6 12. Nc3 Ne7 13. e4 Bg4 14. Be2 Bxf3 15. Bxf3 Qd6 16. 0-0 0-0-0 17. Re1 Nd7 18. Ne2 Ne5 19. Nd4 Rdf8 20. Bg4+ Kb8 21. Ne6 Rf6 22. Bh3 g5 23. Re3 N7g6 24. Nxg5 Nf4 25. Ne6 Nxh3+ 26. Rxh3 Qb6 27. Qe2 Ng4 28. Rf3 Rh6 29. Rc1 Qd6 30. Rg3 Nxh2 31. Qe3 Rh4 32. Rxc7 Ng4 33. Qb3 b5 34. Qc3 Qb6 35. Qxh8# 1-0

[Event "DEN-ch Kort1 Gr-1"]
[Site "Svendborg"]
[Date "2022.04.10"]
[Round "2"]
[White "Steenstrup, Svend"]
[Black "Motzkus, Mikkel"]
[Result "0-1"]
[WhiteElo "1941"]
[BlackElo "1974"]
[PlyCount "122"]
[EventDate "2022.04.09"]
[EventType "swiss"]
[EventRounds "5"]
[EventCountry "DEN"]
[SourceTitle "EXT 2024"]
[Source "ChessBase"]
[SourceDate "2023.10.10"]
[SourceVersion "1"]
[SourceVersionDate "2023.10.10"]
[SourceQuality "1"]

1. d4 Nf6 2. c4 e6 3. g3 Bb4+ 4. Nd2 0-0 5. Bg2 d5 6. Ngf3 Ne4 7. a3 Nxd2 8. Nxd2 Be7 9. e4 dxe4 10. Nxe4 c6 11. 0-0 Nd7 12. Qe2 Nf6 13. Rd1 Nxe4 14. Bxe4 Bf6 15. Bf4 Qe7 16. c5 Rd8 17. Bd6 Qe8 18. h4 Be7 19. Bc7 Rd7 20. Be5 Bd8 21. b4 Bc7 22. a4 f6 23. Bxc7 Rxc7 24. d5 exd5 25. Bxh7+ Kf8 26. Qd3 Be6 27. Bg6 Bf7 28. Re1 Re7 29. Rxe7 Qxe7 30. Bf5 Re8 31. Rc1 Qe2 32. Qxe2 Rxe2 33. Bc8 Re7 34. b5 Be6 35. Bxe6 Rxe6 36. Rb1 Re4 37. bxc6 bxc6 38. a5 Rc4 39. Rb8+ Kf7 40. a6 Rxc5 41. Rb7+ Kg6 42. Rxa7 Ra5 43. Ra8 c5 44. a7 c4 45. Rd8 Rxa7 46. Rxd5 Rc7 47. Rd2 c3 48. Rc2 Kf5 49. Kf1 Ke4 50. Ke2 Kd4 51. Kd1 Kd3 52. Ra2 Re7 53. h5 Re5 54. g4 Re4 55. f3 Rb4 56. Kc1 f5 57. Rg2 f4 58. Rc2 Ra4 59. Kb1 Ra1+ 60. Kxa1 Kxc2 61. g5 Kd2 0-1

[Event "Bronshoj Spring"]
[Site "Copenhagen"]
[Date "2022.03.24"]
[Round "4"]
[White "Steenstrup, Svend"]
[Black "Andersen, Soren Mikkel"]
[Result "0-1"]
[WhiteElo "1933"]
[BlackElo "2140"]
[PlyCount "60"]
[EventDate "2022.03.24"]
[EventType "tourn"]
[EventRounds "5"]
[EventCountry "DEN"]
[SourceTitle "EXT 2024"]
[Source "ChessBase"]
[SourceDate "2023.10.10"]
[SourceVersion "1"]
[SourceVersionDate "2023.10.10"]
[SourceQuality "1"]

1. d4 d5 2. c4 c6 3. Nf3 Nf6 4. Qb3 e6 5. Bg5 Nbd7 6. Nc3 Qa5 7. Bh4 dxc4 8. Qxc4 Bb4 9. Nd2 Nd5 10. Rc1 0-0 11. e4 N5b6 12. Qb3 e5 13. a3 Bd6 14. d5 cxd5 15. exd5 Nc5 16. Qa2 Nca4 17. Nb5 g5 18. Nxd6 gxh4 19. Nb5 Bd7 20. b4 Qxb5 21. Bxb5 Bxb5 22. Rc7 Rad8 23. Ne4 Nxd5 24. Qd2 Nf4 25. Nf6+ Kh8 26. Nd7 Nd3+ 27. Ke2 Ndc5+ 28. Ke3 Nxd7 29. Qd6 Nab6 30. Rxd7 Nxd7 0-1

[Event "Bronshoj Spring"]
[Site "Copenhagen"]
[Date "2022.03.24"]
[Round "2"]
[White "Steenstrup, Svend"]
[Black "Petersen, Steen Brustrup"]
[Result "0-1"]
[WhiteElo "1933"]
[BlackElo "2083"]
[PlyCount "122"]
[EventDate "2022.03.24"]
[EventType "tourn"]
[EventRounds "5"]
[EventCountry "DEN"]
[SourceTitle "EXT 2024"]
[Source "ChessBase"]
[SourceDate "2023.10.10"]
[SourceVersion "1"]
[SourceVersionDate "2023.10.10"]
[SourceQuality "1"]

1. d4 Nf6 2. c4 e6 3. g3 d5 4. Bg2 dxc4 5. Nf3 a6 6. a4 c5 7. Na3 Nc6 8. 0-0 cxd4 9. Nxc4 Bc5 10. e3 dxe3 11. Bxe3 Bxe3 12. Qxd8+ Kxd8 13. fxe3 Ke7 14. Nb6 Rb8 15. Ng5 h6 16. Ne4 Nd7 17. a5 f5 18. Nc3 Nxb6 19. axb6 Rd8 20. e4 g6 21. Rae1 Nd4 22. exf5 gxf5 23. Rf4 Kf7 24. g4 Rd6 25. Bd5 exd5 26. Rxd4 fxg4 27. Rf4+ Rf6 28. Rxf6+ Kxf6 29. Re8 Kf7 30. Rh8 d4 31. Ne4 d3 32. Kf2 g3+ 33. hxg3 Ke6 34. Re8+ Kd7 35. Nf6+ Kc6 36. Ke3 Ra8 37. Kxd3 Bf5+ 38. Kd4 Rxe8 39. Nxe8 Kxb6 40. Nd6 Bg4 41. Nc4+ Kb5 42. Nd6+ Kc6 43. Nf7 h5 44. Ne5+ Kb5 45. Nd3 b6 46. Nc1 Kb4 47. Kd5 Bf3+ 48. Kd4 a5 49. Na2+ Kb3 50. Nc3 Kxb2 51. Na4+ Kb3 52. Nxb6 a4 53. Nc4 a3 54. Nd2+ Kc2 55. Nxf3 a2 56. Ke3 a1Q 57. Kf2 Kd3 58. Kg2 Qb2+ 59. Kh3 Qe2 60. Nh4 Qg4+ 61. Kg2 Ke2 0-1

[Event "Hillerod op"]
[Site "Hillerod"]
[Date "2021.09.21"]
[Round "6"]
[White "Sorensen, Esben Lauge"]
[Black "Steenstrup, Svend"]
[Result "0-1"]
[WhiteElo "1911"]
[BlackElo "1944"]
[PlyCount "44"]
[EventDate "2021.09.21"]
[EventType "swiss (rapid)"]
[EventRounds "7"]
[EventCountry "DEN"]
[SourceTitle "EXT 2025"]
[Source "ChessBase"]
[SourceDate "2024.10.14"]
[SourceVersion "1"]
[SourceVersionDate "2024.10.14"]
[SourceQuality "1"]

1. d4 d5 2. c4 e6 3. Nc3 c5 4. Nf3 cxd4 5. Nxd4 e5 6. Nf3 d4 7. Nxe5 dxc3 8. Qxd8+ Kxd8 9. Nxf7+ Ke8 10. Nxh8 Bb4 11. b3 Nc6 12. a3 Nd4 13. axb4 Nc2+ 14. Kd1 Nxa1 15. g3 Bf5 16. Bg2 Rd8+ 17. Bd5 Be4 18. Bg5 Bxh1 19. Bxd8 Bxd5 20. cxd5 Kxd8 21. Nf7+ Ke7 22. Ng5 Nf6 0-1

[Event "Hillerod op"]
[Site "Hillerod"]
[Date "2021.09.21"]
[Round "5"]
[White "Steenstrup, Svend"]
[Black "Pedersen, Christopher RNH"]
[Result "1-0"]
[WhiteElo "1944"]
[BlackElo "2117"]
[PlyCount "91"]
[EventDate "2021.09.21"]
[EventType "swiss (rapid)"]
[EventRounds "7"]
[EventCountry "DEN"]
[SourceTitle "EXT 2025"]
[Source "ChessBase"]
[SourceDate "2024.10.14"]
[SourceVersion "1"]
[SourceVersionDate "2024.10.14"]
[SourceQuality "1"]

1. d4 Nf6 2. c4 e6 3. g3 d5 4. Bg2 Be7 5. Nf3 dxc4 6. Ne5 Nbd7 7. Qa4 0-0 8. Qxc4 c5 9. Nxd7 Nxd7 10. dxc5 Bxc5 11. 0-0 Qe7 12. Nc3 a6 13. Bf4 b5 14. Qd3 Ra7 15. Ne4 e5 16. Bg5 f6 17. Be3 Bxe3 18. Qxe3 Rc7 19. Rac1 Rxc1 20. Rxc1 f5 21. Ng5 h6 22. Bd5+ Kh8 23. Nf7+ Kh7 24. Rc6 Nf6 25. Bb3 Bb7 26. Qa7 Ra8 27. Qc5 Re8 28. Rc7 Qxc5 29. Rxc5 Re7 30. Rxe5 Rc7 31. f3 Rc1+ 32. Kf2 Rb1 33. Nd6 Bc6 34. Bc2 Rxb2 35. Bxf5+ Kh8 36. Re7 Bd5 37. Ne8 Bc4 38. Nxf6 gxf6 39. a3 Ra2 40. Re3 Kg7 41. Bd3 Bf7 42. Bf5 a5 43. h4 a4 44. Bd7 Rb2 45. Ke1 Rb3 46. Rxb3 1-0